<?xml version="1.0" encoding="UTF-8"?><?xml-stylesheet type="text/xsl" href="static/style.xsl"?><OAI-PMH xmlns="http://www.openarchives.org/OAI/2.0/" xmlns:xsi="http://www.w3.org/2001/XMLSchema-instance" xsi:schemaLocation="http://www.openarchives.org/OAI/2.0/ http://www.openarchives.org/OAI/2.0/OAI-PMH.xsd"><responseDate>2026-06-02T15:22:49Z</responseDate><request verb="GetRecord" identifier="oai:riuma.uma.es:10630/27651" metadataPrefix="marc">https://riuma.uma.es/rest/oai/request</request><GetRecord><record><header><identifier>oai:riuma.uma.es:10630/27651</identifier><datestamp>2026-02-03T11:54:06Z</datestamp><setSpec>com_10630_2254</setSpec><setSpec>col_10630_37959</setSpec></header><metadata><record xmlns="http://www.loc.gov/MARC21/slim" xmlns:dcterms="http://purl.org/dc/terms/" xmlns:doc="http://www.lyncode.com/xoai" xmlns:xsi="http://www.w3.org/2001/XMLSchema-instance" xsi:schemaLocation="http://www.loc.gov/MARC21/slim http://www.loc.gov/standards/marcxml/schema/MARC21slim.xsd">
   <leader>00925njm 22002777a 4500</leader>
   <datafield ind2=" " ind1=" " tag="042">
      <subfield code="a">dc</subfield>
   </datafield>
   <datafield ind2=" " ind1=" " tag="720">
      <subfield code="a">Estévez-Regidor, Francisco Aurelio</subfield>
      <subfield code="e">author</subfield>
   </datafield>
   <datafield ind2=" " ind1=" " tag="260">
      <subfield code="c">2023</subfield>
   </datafield>
   <datafield ind2=" " ind1=" " tag="520">
      <subfield code="a">El ensayo Bases para una interpretación de Rubén Darío redactado por un joven Mario Vargas Llosa como tesis para optar al grado de Bachiller en Humanidades presentada en la Universidad de San Marcos en 1958 puede leerse como una poética interpuesta. Si el apego a la tradición resulta una veta indudable en la narrativa de Vargas Llosa, donde retoma las lecciones de la mejor novela decimonónica, con especial énfasis en la literatura francesa y el ejemplo mayor de Flaubert, es en la vida y obra de Darío donde encuentra, más allá de un escritor conspicuo, algo así como un modelo inmiscuido en una empresa equiparable a la bosquejada en sus inicios narrativos: el cuento Los jefes (1957) y con mayor detenimiento en La ciudad y los perros (1963). De tal modo la tesis de Vargas Llosa centra su interés no tanto en la obra de Darío sino en la conversión del nicaragüense en artista, y, de tal modo, explicita su propia vocación literaria vista como un compromiso con la belleza.</subfield>
   </datafield>
   <datafield ind1="8" ind2=" " tag="024">
      <subfield code="a">https://hdl.handle.net/10630/27651</subfield>
   </datafield>
   <datafield tag="653" ind2=" " ind1=" ">
      <subfield code="a">Vargas Llosa, Mario - Crítica e interpretación</subfield>
   </datafield>
   <datafield tag="653" ind2=" " ind1=" ">
      <subfield code="a">Literatura hispanoamericana - S. XX- Historia y crítica</subfield>
   </datafield>
   <datafield ind2="0" ind1="0" tag="245">
      <subfield code="a">Rubén Darío y Vargas Llosa.</subfield>
   </datafield>
</record>
</metadata></record></GetRecord></OAI-PMH>